L'art comme communication : Pour une re-définition de l'art (notice n° 1960699)

détails MARC
000 -LEADER
fixed length control field 00964cam a2200145 4500500
005 - DATE AND TIME OF LATEST TRANSACTION
control field 20260329034054.0
041 ## - LANGUAGE CODE
Language code of text/sound track or separate title fre
042 ## - AUTHENTICATION CODE
Authentication code dc
100 10 - MAIN ENTRY--PERSONAL NAME
Personal name Doguet, Jean-Paul
Relator term author
245 00 - TITLE STATEMENT
Title L'art comme communication : Pour une re-définition de l'art
260 ## - PUBLICATION, DISTRIBUTION, ETC.
Name of publisher, distributor, etc. Armand Colin,<br/>
Date of publication, distribution, etc. 2007.<br/>
520 ## - SUMMARY, ETC.
Summary, etc. Une contribution au débat sur « la fin » ou « la crise » de l'art. Une thèse : l'art n'est pas un langage, mais une forme spécifique de communication.Cet essai examine l'essence de cette communication, et ce qui la différencie de la communication par le langage articulé, autour de trois problèmes distincts : la relation de l'art à la technique, la nature de l'oeuvre, la nature de ce qui est communiqué par l'art et le lien que celui-ci entretient avec les débats esthétiques.
700 10 - ADDED ENTRY--PERSONAL NAME
Personal name Daguet, Jean-Paul
Relator term author
856 41 - ELECTRONIC LOCATION AND ACCESS
Uniform Resource Identifier <a href="https://shs.cairn.info/l-art-comme-communication--9782200347055?lang=fr&redirect-ssocas=7080">https://shs.cairn.info/l-art-comme-communication--9782200347055?lang=fr&redirect-ssocas=7080</a>

Pas d'exemplaire disponible.

PLUDOC

PLUDOC est la plateforme unique et centralisée de gestion des bibliothèques physiques et numériques de Guinée administré par le CEDUST. Elle est la plus grande base de données de ressources documentaires pour les Étudiants, Enseignants chercheurs et Chercheurs de Guinée.

Adresse

627 919 101/664 919 101

25 boulevard du commerce
Kaloum, Conakry, Guinée

Réseaux sociaux

Powered by Netsen Group @ 2025